000 00967cam a2200301 i 4500
001 17770849
005 20201128021139.0
008 130610s2014 xxkao b 001 0 eng d
010 _a2013017247
020 _a9780415713047 (hardback)
020 _a0415713048 (hardback)
020 _a9780415713061 (pbk.)
020 _a0415713064 (pbk.)
020 _z9781315882291 (ebook)
040 _aDLC
_beng
_cDLC
_dDLC
_dEG-ScBUE
082 0 0 _a327.101
_222
_bWEB
100 1 _aWeber, Cynthia
_936782
245 1 0 _aInternational relations theory :
_ba critical introduction /
_cCynthia Weber.
250 _a4th ed.
260 _aOxon, United Kingdom :
_bRoutledge,
_c2014.
300 _axxvii, 291 p. :
_bphotographs, tables ;
_c25 cm.
500 _aIndex : p. 287-291.
504 _aBibliography : 275-286.
653 _bBUSBOL
_cDecember2014
655 _vreading book
_934232
650 0 _92834
_aInternational relations
_xPhilosophy
942 _2ddc
_k327.101 WEB
999 _c18714
_d18686